000 00985nas a2200325 4500
001 BR0707874
003 BR-BrBNA
005 20231205111400.0
007 ta
008 230509b bl.|||p| |||| 00| 00por d
040 _aBR-BrBNA
_bpor
_cBiblioteca Nacional de Agricultura
041 _a(Pt)
072 _aF02
100 1 _aPio, R.
100 1 _aRamos, J.D.
100 1 _aChalfun, N.N.J.
100 1 _aGontijo, T.C.A.
100 1 _aCarrijo, E.P.
100 1 _aTomasetto, F.
100 1 _aVisioli, E.L.
100 1 _aBettiol Neto, J.E.
245 1 _aEnraizamento de estacas lenhosas dos marmeleiros Portugal e Japonês tratadas com ácido indolbutírico
650 _aMARMELO
650 _aENRAIZAMENTO DE ESTACA
650 _aPROPAGAÇÃO VEGETATIVA
650 _aÁCIDO INDOLBUTÍRICO
773 0 _tRevista Ceres (Brazil)
_xISSN 0034-737X
_g(Nov-Dec 2004), v. 51(298) p. 777-786
_wBR0707874
909 _a202311
_bLúcia
_c55
_dLúcia Elande
942 _2AGRIS
_n0
_cANA
999 _c192390
_d192390